El camino de las lágrimas / (Record no. 200081)

MARC details
000 -CABECERA
campo de control de longitud fija 00671nam a2200229 u 4500
005 - FECHA Y HORA DE LA ÚLTIMA TRANSACCIÓN
campo de control 20221105063526.0
008 - ELEMENTOS DE LONGITUD FIJA--INFORMACIÓN GENERAL
campo de control de longitud fija 181121s2009 mx r 000 0 spa d
020 ## - NÚMERO INTERNACIONAL NORMALIZADO PARA LIBROS
Número Internacional Estándar del Libro 9789707775060
035 ## - NÚMERO DE CONTROL DEL SISTEMA
Número de control de sistema UPN01000227986
049 ## - COLECCIÓN
Colección CG
050 #4 - SIGNATURA TOPOGRÁFICA DE LA BIBLIOTECA DEL CONGRESO
Número de clasificación RC455.4 L6.7
Número de documento/Ítem B8.2 2009
100 1# - ASIENTO PRINCIPAL--NOMBRE PERSONAL
Nombre de persona Bucay, Jorge,
Fechas asociadas al nombre 1949-
9 (RLIN) 34610
245 13 - MENCIÓN DE TÍTULO
Título El camino de las lágrimas /
Mención de responsabilidad, etc. Jorge Bucay.
250 ## - MENCIÓN DE EDICIÓN
Mención de edición 3a ed. corregida y aumentada
260 ## - PUBLICACIÓN, DISTRIBUCIÓN, ETC.
Lugar de publicación, distribución, etc. México :
Nombre del editor, distribuidor, etc. Océano,
Fecha de publicación, distribución, etc. 2009.
300 ## - DESCRIPCIÓN FÍSICA
Extensión 281 p.
440 #0 - MENCIÓN DE SERIE/ASIENTO SECUNDARIO--TÍTULO
Título Hojas de ruta.
Nombre de parte o sección de la obra Biblioteca Jorge Bucay
650 #2 - ASIENTO SECUNDARIO DE MATERIA - TERMINO TEMATICO
Término de materia o nombre geográfico como elemento de entrada Luto
Subdivisión general Aspectos psicológicos
9 (RLIN) 4353
650 #4 - ASIENTO SECUNDARIO DE MATERIA - TERMINO TEMATICO
Término de materia o nombre geográfico como elemento de entrada PSICOTERAPIA DE APOYO
9 (RLIN) 6526
905 ## - TIPO DE MATERIAL
Tipo de material Libro
Holdings
Estado de retiro Estado de pérdida Fuente del sistema de clasificación o colocación Estado dañado No para préstamo Código de colección Localización permanente Ubicación/localización actual Ubicación en estantería Fecha de adquisición Total de préstamos Renovaciones totales Clasificación Código de barras Fecha visto por última vez Fecha del último préstamo Número de copia Tipo de ítem Koha
    Library of Congress Classification     Colección General Bib. Gregorio Torres Quintero Bib. Gregorio Torres Quintero Planta baja 29/08/2024 6 1 RC455.4 L6.7 B8.2 2009 327921 09/06/2025 03/06/2025 1 Libro